00428nam a2200145 i 4500001000300000245003200003260001900035040000800054041000800062942000700070008004100077999001700118856009800135952004900233bg 0aThe world of learning 1988. aLondon,c1988. cBPK apol cKS s pl f |000 0 pol  c28602d28602 uhttp://koha.tu.koszalin.pl/cgi-bin/koha/opac-detail.pl?biblionumber=28602yKatalog online BPK 00104070aBPKbBPKcwo34451p01597523yKS